|
|
|
|
| LEADER |
01283nam a2200289 a 4500 |
| 001 |
4908209 |
| 008 |
091025r20081995nyua b 001 0 eng d |
| 010 |
|
|
|a \\\94041512
|
| 020 |
|
|
|a 0070380899 (alk. paper)
|
| 020 |
|
|
|a 0070635994
|
| 020 |
|
|
|a 9780070635999
|
| 040 |
|
|
|a DLC
|c DLC
|d DLC
|
| 082 |
0 |
0 |
|a 621.3845/6
|2 20
|
| 100 |
1 |
|
|a Lee, William C. Y.
|
| 245 |
1 |
0 |
|a Mobile cellular telecommunications :
|b analog and digital systems /
|c William C.Y. Lee.
|
| 250 |
|
|
|a 2nd ed.
|
| 260 |
|
|
|a New York :
|b McGraw-Hill,
|c c1995 [reprinted 2008].
|
| 300 |
|
|
|a xii, 664 p. :
|b ill. ;
|c 24 cm.
|
| 500 |
|
|
|a Rev. ed. of: Mobile cellular telecommunications systems. c1989.
|
| 504 |
|
|
|a Includes bibliographical references and index.
|
| 541 |
1 |
|
|e 00019451
|
| 650 |
|
0 |
|a Cellular telephone systems.
|
| 700 |
1 |
|
|a Lee, William C. Y.
|t Mobile cellular telecommunications systems.
|
| 852 |
4 |
|
|a Ayesha Abed Library
|j General shelf
|
| 999 |
|
|
|c 4831
|d 4831
|
| 952 |
|
|
|0 0
|1 0
|2 ddc
|4 0
|6 621_384560000000000_LEE_2008
|7 0
|8 NFIC
|9 4652
|a BRACUL
|b BRACUL
|c GEN
|d 2009-10-25
|g 650.00
|l 0
|o 621.38456 LEE
|p 3010019451
|r 2009-10-25
|t 1
|v 1300.00
|w 2009-10-25
|y BK
|
| 952 |
|
|
|0 0
|1 0
|2 ddc
|4 0
|6 621_384560000000000_LEE_2008
|7 0
|8 NFIC
|9 10867
|a BRACUL
|b BRACUL
|c GEN
|d 2010-06-10
|l 0
|o 621.38456 LEE
|p 3010019452
|r 2010-06-10
|t 2
|w 2010-06-10
|y BK
|